| 000 | 00593nam a2200181Ia 4500 | ||
|---|---|---|---|
| 008 | 140529s9999 xx 000 0 und d | ||
| 020 | _a9781437716467 | ||
| 050 |
_aR 898 _b.In565 2012 |
||
| 245 |
_aIntroduction to radiologic sciences and patient care / _c[edited by] Arlene M. Adler and Richard R. Carlton. |
||
| 250 | _a5th ed. | ||
| 260 |
_aSt. Louis, Missouri : _bElsevier/Saunders, _cc2012. |
||
| 300 |
_a369 p. : _bill. (some col.) ; _c28 cm. |
||
| 500 | _aIncludes appendices and index. | ||
| 521 | _aGE | ||
| 650 | _aRadiology, Medical. | ||
| 942 |
_kFOR _cBK |
||
| 999 |
_c117624 _d117624 |
||